Filmografia di Federico Fellini - Statistics

Statistiche generali
  • Questo quiz è stato fatto 37 volte
  • Il punteggio medio è 11 su 19
Statistiche sulle risposte
con Immagini Risposta % Corretto
97%
La dolce vita
97%
Amarcord
81%
I vitelloni
81%
La strada
77%
Le notti di Cabiria
74%
Lo sceicco bianco
68%
Il Casanova di Federico Fellini
61%
Roma
61%
Ginger e Fred
55%
Giulietta degli spiriti
55%
La città delle donne
52%
La voce della Luna
48%
Fellini Satyricon
45%
E la nave va
39%
Il bidone
35%
Luci del varietà
29%
Intervista
26%
Prova d'orchestra
26%
Nessun quiz corrispondente trovato
Distribuzione punteggi
Percentuale di utenti per punteggio
Percentile per numero di risposta
I tuoi punteggi nel tempo
Non hai fatto questo quiz